Behaviorálne intervencie ako spôsob zvýšenia účinnosti činnosti samospráv

Teoretické východiská a praktické skúsenosti s využitím behaviorálnych poznatkov. Oblasti pre behaviorálne intervencie vo verejných politikách na miestnej úrovni.

Enregistré dans:
Détails bibliographiques
Auteur principal: Čaplánová, Anetta, 1967-
Autres auteurs: Klimko, Roman, 1985-
Format: Chapitre de livre
Langue:slovaque
Sujets:
Tags: Ajouter un tag
Pas de tags, Soyez le premier à ajouter un tag!

MARC

LEADER 00000naa$a2200000$$$4500
001 0260471
005 20240717105948.1
041 0 |a slo 
044 |a SK 
245 1 0 |a Behaviorálne intervencie ako spôsob zvýšenia účinnosti činnosti samospráv  |c Anetta Čaplánová, Roman Klimko 
520 |a Teoretické východiská a praktické skúsenosti s využitím behaviorálnych poznatkov. Oblasti pre behaviorálne intervencie vo verejných politikách na miestnej úrovni. 
610 2 0 |a ekonómia behaviorálna 
610 2 0 |a intervencie 
610 2 0 |a samospráva 
100 1 |a Čaplánová, Anetta, 1967- 
700 1 |a Klimko, Roman, 1985-